Το είναι και το μηδέν : δοκίμιο φαινομενολογικής οντολογίας

Αποθηκεύτηκε σε:
Λεπτομέρειες βιβλιογραφικής εγγραφής
Κύριος συγγραφέας: Sartre, Jean-Paul, 1905-1980
Άλλοι συγγραφείς: Παπαγιώργης, Κωστής 1947- (Μεταφραστής)
Μορφή: Βιβλίο
Γλώσσα:Greek
Δημοσίευση: Αθήνα : Παπαζήσης, 1977
Σειρά:Φιλοσοφία - Πηγές
Θέματα:
Ετικέτες: Προσθήκη ετικέτας
Δεν υπάρχουν, Καταχωρήστε ετικέτα πρώτοι!

MARC

LEADER 00000nam a2200000 i 4500
001 1/56000
008 960329s1977 gre d
035 |l 10027948 
040 |a GR-MY-UA  |b gre  |e aacr 
041 0 |a gre 
082 0 |a 194 
100 1 |a Sartre, Jean-Paul,   |d 1905-1980. 
245 1 3 |a Το είναι και το μηδέν :  |b δοκίμιο φαινομενολογικής οντολογίας /  |c Jean-Paul Sartre 
260 |a Αθήνα :   |b Παπαζήσης,   |c 1977 
300 |a Τ 
490 1 |a Φιλοσοφία - Πηγές 
650 0 0 |a Existentialism. 
650 0 0 |a Ontology. 
700 1 |a Παπαγιώργης, Κωστής  |d 1947-  |4 trl 
830 0 |a Φιλοσοφία - Πηγές 
852 |a INST  |b CHIOS  |e 19960329  |h 194 SAR  |p 005200006733  |q 005200006733  |t BK  |y 114  |z v.1 
852 |a INST  |b CHIOS  |e 19960329  |h 194 SAR  |p 005200006733  |q 005200006733  |t BK  |v v.1:  |y 114  |z v.1 
853 |a INST  |b CHIOS  |h 194 SAR 
909 |a Χ  |b 000592